000 00344nam a2200145Ia 4500
008 230917s9999||||xx |||||||||||||| ||und||
040 _e99863
_aMAIN
041 _aEnglish
082 _a005.133 P192P
100 _aPandey, Ashutosh
245 0 _aProgramming in C
260 _aNew Delhi
_bCyber Tech
_c2003
300 _a335 p.
942 _cBK
999 _c109406
_d109406